Central Library OPAC University of Rajshahi

Cardiac catheterization and angiography / (Record no. 66472)

MARC details
000 -LEADER
fixed length control field 00849nam a2200277 a 4500
001 - CONTROL NUMBER
control field 66472
003 - CONTROL NUMBER IDENTIFIER
rucl marc code BD-RjUL
005 - DATE AND TIME OF LATEST TRANSACTION
control field 20211209081539.0
008 - FIXED-LENGTH DATA ELEMENTS--GENERAL INFORMATION
fixed length control field 170316s1980 paua b 001 0 eng
020 ## - INTERNATIONAL STANDARD BOOK NUMBER
International Standard Book Number 0812107144
035 ## - SYSTEM CONTROL NUMBER
System control number (BD-RjUL)66602
040 ## - CATALOGING SOURCE
Original cataloging agency DLC
Transcribing agency DLC
Modifying agency BD-RjUL
Language of cataloging eng
041 ## - LANGUAGE CODE
Language code of text/sound track or separate title eng
082 00 - DEWEY DECIMAL CLASSIFICATION NUMBER
Classification number 616.12
Edition number 23
Author mark and year CAR 1980
100 1# - MAIN ENTRY--PERSONAL NAME
Personal name Grossman, William,
Dates associated with a name 1940-
9 (RLIN) 196726
245 10 - TITLE STATEMENT
Title Cardiac catheterization and angiography /
Statement of responsibility, etc. edited by William Grossman.
250 ## - EDITION STATEMENT
Edition statement 2d ed.
260 ## - PUBLICATION, DISTRIBUTION, ETC. (IMPRINT)
Place of publication, distribution, etc. Philadelphia :
Name of publisher, distributor, etc. Lea & Febiger,
Date of publication, distribution, etc. 1980.
300 ## - PHYSICAL DESCRIPTION
Pagination xiii, 427 p. :
Illustrations ill. ;
Size 26 cm.
504 ## - BIBLIOGRAPHY, ETC. NOTE
Bibliography, etc Includes bibliographical references and index.
650 #0 - SUBJECT ADDED ENTRY--TOPICAL TERM
Topical term or geographic name as entry element Cardiac catheterization.
9 (RLIN) 196727
Topical term or geographic name as entry element Angiocardiography.
9 (RLIN) 196728
700 ## - ADDED ENTRY--PERSONAL NAME
Personal name Grossman, William
942 ## - ADDED ENTRY ELEMENTS (KOHA)
Source of classification or shelving scheme Dewey Decimal Classification
Koha item type Books
Holdings
Lost status Source of classification or shelving scheme Damaged status Not for loan Collection code Permanent Location Current Location Shelving location Date acquired Source of acquisition Total Checkouts Full call number Date last seen Copy number Koha item type
  Dewey Decimal Classification   Not For Loan Non-fiction Central Library, University of Rajshahi Central Library, University of Rajshahi Reading Room 31/01/1991 Asia foundation   616.12 CAR 1980 16/03/2017 C-1 Books